| 000 | 00000nam##2200000za#4500 |
| 001 | 9.651409 |
| 003 | CaOODSP |
| 005 | 20220125145841 |
| 007 | ta |
| 008 | 150407|2009||||xxc||||| f|0| 0 eng|d |
| 020 | |a978-1-100-11465-1 |
| 040 | |aCaOODSP|beng |
| 043 | |an-cn--- |
| 086 | 1 |aD2-238/2-2009E |
| 110 | 1 |aCanada. |bDepartment of National Defence. |
| 245 | 10|aCultural intelligence and leadership : |ban introduction for Canadian Forces leaders / |ceditor Karen D. Davis; produced for the Canadian Defence Academy Press. |
| 260 | |aKingston - Ontario : |bNational Defence |cc2009. |
| 300 | |axiii, 157p. : |bfigs., glossary, tables, index ; |c23 cm. |
| 500 | |aIncorrect ISBN (978-1-100-11465-3) printed on back cover. |
| 504 | |aBibliography. |
| 520 | 3 |aA key resource for the professional development of all military leaders as well as a valuable tool for generating dialogue and further development of multicultural and “whole government” capacity across the CF. |
| 563 | |aSoftcover |
| 590 | |a10-27|b2010-07-09 |
| 690 | 07|aMilitary command|2gcpds |
| 720 | 1 |aDavis, Karen D. |
| 775 | 08|tL'intelligence culturelle et le leadership : |w(CaOODSP)9.684797 |
| 776 | 0#|tCultural intelligence and leadership : |w(CaOODSP)9.695179 |